000
00212 a2200097 4500
001
983
100
_a
Terman,F.E.
245
_a
Measurements in radio engineering
260
_a
_b
Mcgraw-Hill
_c
090
_c
563
_d
563
942
_a
NUST-CAE
_c
M
_c
32078
999
_c
236056
_d
236056